000
00341 a2200157 4500
001
56832
020
_a
8532201717
040
_c
Anchieta - Pituba
100
_a
Gomes, Álvaro Cardoso
240
1
0
_a
Amor e cuba-libre
_l
por
245
1
0
_a
Amor e cuba-libre
300
_a
120
362
0
_a
1993
650
4
_a
Literatura juvenil
942
_c
BK
999
_c
56832
_d
56832